00379nam a2200145Ia 4500003000400000008004100004040001600045082001700061100002400078245006600102260003300168650001200201650000900213650001100222GCL140319s9999 xx 000 0 eng d aGCL / cGCL04aCHb507bD W1 aDORLING, KINDERSLEY10aSHARKS AND OTHER MONSTERS OF THE DEEP / cDORLING, KINDERSLEY a[S.N] : bDORLING KINDERSLEY04aSCIENCE04aFISH04aSHARKS